LEADER 00677nas a2200181 i 4500 001 000000136121 003 CaOOAMICUS 005 20160421000000.0 008 160421b it uu u0 0ita r 013 $a109596 040 $aSeMil$bita 245 10$a[Prima sezione]. 710 2 $aSeminario arcivescovile di Milano : Osservatorio di Fisica terrestre.$0(OLS)http://semarc/name/1669 773 0 $tOsservazioni climatologiche 1934-1988.$d[S.l.] : [s.n.], [1988?]$w()33140 850 $aSeMil 852 $aSeMil$W1$xVenegono$y1$m101 6 29/1$j89739$B89739$CSeMilBibl$Z2$F210748 $85 961 $aLascito: Orsenigo don Elia 996 $6245$a[Prima sezione]$9(OLS)http://semarc/title/198905 LEADER 01240nam a2200241 i 4500 001 000000195558 003 CaOOAMICUS 005 20101220000000.0 008 101220n it u000 u ita u 013 $a174235 040 $aSeMil$bita 110 0 $aSanta Sede : Pontificio Consiglio per il Dialogo Interreligioso.$0(OLS)http://semarc/name/1801 245 10$aSeconda raccolta di testi di S.S. Paolo 6. concernenti i rapporti con le religioni non cristiane /$cSecretaritus pro non Christianis. 260 $a[Cittą del Vaticano] :$bTipografia Poliglotta Vaticana,$c[1967] 300 $a77 p. ;$c21 cm. 500 $aIn mezzo al front. : Serie supplementare al Bollettino n. 2-1967. - Fondo Card. Giovanni Colombo. 650 4$aPaolo VI - Insegnamenti.$0(OLS)http://semarc/subject/17551 850 $aSeMil 852 $aSeMil$W1$xVenegono$y1$m5B XII 6/12$j146127$B146127$CSeMilBibl$Z2$F157626 $81 941 1 $a3 961 $aLascito: Colombo Card. Giovanni 996 $6245$aSeconda raccolta di testi di S.S. Paolo 6. concernenti i rapporti con le religioni non cristiane$9(OLS)http://semarc/title/282181 996 $6260$a[Cittą del Vaticano] :$bTipografia Poliglotta Vaticana$9(OLS)http://semarc/publisher/32047